00788nam a2200193 i 4500001001000000003000900010005001700019007000300036008004100039040002500080082002500105111009100130245002100221264009000242300004400332500005800376650007000434710009000504000017092DO-SdBNP20250130125314.0ta100317s1992 dr 000 0 spa d aDO-SdBNPbspacBNPHU 4a370.97293bC749p2221 aCongreso Nacional del Plan Decenal de Educaciónd(1992, dic. 2-3-4 :cSanto Domingo)10aPrograma general 1aSanto Domingo :bSecretaría de Estado de Educación, Bellas Artes y Cultos,c1992. a71 páginas :bilustraciones ;c29 cm. aIncluye organigrama de la organización del congreso 4aEducaciónzRepública DominicanaxCongresos, conferencias, etc1 aRepública Dominicana.bSecretaría de Estado de Educación, Bellas Artes y Cultos